| 000 | 00436pab a2200169 454500 | ||
|---|---|---|---|
| 008 | 180718b2010 xxu||||| |||| 00| 0 eng d | ||
| 100 | _aBaxi, Upendra | ||
| 245 | _aRevisiting Gujarat 2002 with Harsh Mander (a review article) | ||
| 260 | _c2010 | ||
| 300 | _ap.32-39. | ||
| 362 | _a3 Apr | ||
| 650 | _aViolence - India - Gujarat | ||
| 650 | _aViolence | ||
| 773 | _aEconomic and Political Weekly | ||
| 908 | _aN | ||
| 909 | _a85966 | ||
| 999 |
_c85966 _d85966 |
||